000 00655cam a22002293a 4500
001 28991
003 PGUSA
005 20140828083628.0
008 090529s2009||||xxu|||||s|||||000 | eng d
040 _aPGUSA
_beng
042 _adc
050 4 _aHD
100 1 _aNearing, Scott,
_d1883-1983
245 1 4 _aThe Next Step :
_bA Plan for Economic World Federation
_h[electronic resource] /
_cScott Nearing
260 _bProject Gutenberg,
_c2009
506 _aPublic domain in the USA.
516 _aElectronic text
653 _aEconomic history
830 0 _aProject Gutenberg
_v28991
856 4 0 _uhttp://www.gutenberg.org/ebooks/28991
942 _cEB
999 _c258246
_d258246